000 00571nam a22001937a 4500
003 URS
005 20251105101250.0
008 251105b |||||||| |||| 00| 0 eng d
040 _cURS
100 _aGraeber, John
_eauthor
245 _aGender, American Identity, and Sexism /
_cJohn Graeber
300 _apages 715-740
336 _2rdacontent
_atext
_btxt
337 _2rdamedia
_aunmediated
_bn
338 _2rdacarrier
_avolume
_bnc
700 _aSetzler, Mark
773 0 _07583
_993158
_oPIL-00323195.137.4
_tPolitical science quarterly:
_x00323195
942 _2ddc
_cCR
999 _c88665
_d88662